Corporate Logos Close-Up Quiz Stats

 Plays Quiz Updated Jul 28, 2016

Score 0/25 Timer 04:00
9 Plays Today
% Correct
KFC
97.1%
Pepsi
96.9%
McDonald's
96.7%
Apple
96.7%
Shell
96.4%
Wikipedia
93.4%
Starbucks
93.2%
Taco Bell
93.2%
Toyota
92.8%
Facebook
92.7%
Google
92.7%
T-Mobile
87.6%
Kia
84.3%
% Correct
BP
84.2%
Quaker Oats
84%
Target
80.1%
AT&T
80%
General Electric
77.6%
Subaru
76.5%
ExxonMobil
73.9%
Staples
72.7%
Quiznos
72.3%
Bank of America
65.7%
ING
42.4%
Anheuser-Busch
36.8%

You're not logged in!

Compare scores with friends on all Sporcle quizzes.
OR
Log In

Sporcle TV

Today on Sporcle TV


Watch our educational content, quiz creation guides, and fun videos on Sporcle TV.

Show Comments

Extras

Top Quizzes Today


Score Distribution

Your Account Isn't Verified!

In order to create a playlist on Sporcle, you need to verify the email address you used during registration. Go to your Sporcle Settings to finish the process.

Report this User

Report this user for behavior that violates our Community Guidelines.

Details: